| 000 | 00350nam a2200133Ia 4500 | ||
|---|---|---|---|
| 008 | 191201s2010 xx 000 0 und d | ||
| 100 | _aDATE,Prashant P | ||
| 245 | 0 | _aIntroduction to manufacturing technologies….. | |
| 250 | _aIMP | ||
| 260 |
_aN. delhi _bJaico Publication House _c2010 |
||
| 300 | _a508 | ||
| 650 | _aM.Tech (ME) | ||
| 942 |
_2ddc _cBK |
||
| 999 |
_c5092 _d5092 |
||